Audítorstvo

Gespeichert in:
Bibliographische Detailangaben
1. Verfasser: Kareš, Ladislav
Körperschaft: Ekonomická univerzita v Bratislave
Format: Buch
Sprache:Slowakisch
Veröffentlicht: Bratislava Iura Edition 2010
Schriftenreihe:Ekonómia
Schlagworte:
Tags: Tag hinzufügen
Keine Tags, Fügen Sie das erste Tag hinzu!

MARC

LEADER 00000nam$a2200000$$$4500
001 0118835
005 20240613071107.1
020 |a 978-80-8078-334-1 
041 0 |a slo 
044 |a SK 
245 1 0 |a Audítorstvo  |c Ladislav Kareš 
264 1 |a Bratislava  |b Iura Edition  |c 2010 
300 |a 436 s. [22 AH] 
490 1 |a Ekonómia 
830 0 |a Ekonómia 
610 2 0 |a audítorstvo 
610 2 0 |a audit 
610 2 0 |a audítori 
610 2 0 |a Slovensko 
610 2 0 |a kontrola vnútorná 
610 2 0 |a závierka účtovná 
610 2 0 |a dokumentácia 
610 2 0 |a štandardy účtovné medzinárodné 
100 1 |a Kareš, Ladislav 
710 2 |a Ekonomická univerzita v Bratislave